عرض عادي عرض مارك
  • الحسيني، أحمد البدر

مدخل إسم شخص

عدد التسجيلات المستخدمة في: 1

001 - رقم الضبط

  • حقل الضبط: 9015

003 - معرف رقم الضبط

  • حقل الضبط: OSt

005 - تاريخ ووقت أخر عملية

  • حقل الضبط: 20111224131555.0

008 - عناصر بيانات ثابتة الطول

  • حقل تحكم ثابت الطول: 111224|||a|||||| | ||| d

040 ## - مصدر الفهرسة

  • هيئة الفهرسة الأصلية: OSt
  • وكالة الكتابة: OSt

100 ## - مدخل -- أسم شخص

  • إسم شخص: الحسيني، أحمد البدر

670 ## - بيانات المصدر موجوده

  • الاستشهاد بالمصدر: Work cat.: (OSt)4385: الحسيني، أحمد البدر , مناهج البحث والمكتبة الإسلامية , 2007